000 00681nam a22002177a 4500
999 _c8350
_d8350
003 AR-CdUCM
008 190325b ||||| |||| 00| 0 spa d
040 _aMUNICIPALIDAD PROVINCIAL DEL CUSCO
_cBIBLIOTECA MUNICIPAL DEL CUSCO
082 _a869.56 /
_bC24
100 _aCamino Calderón, Carlos
_99048
245 _aLa ilusión de Oriente /
260 _aLima :
_bTalleres Gráficos Publicidad Americana,
_c1943.
300 _a116 páginas ;
_c20 cm.
500 _aDonación familia Nieto.
650 _aDescripciones y viajes
_9497
650 _aSiglo XX
_98
650 _aVida y costumbres sociales
_9857
650 _aMarruecos
_923448
942 _2ddc
_cLIBROS
945 _azta